000
00325nam a22001217a 4500
999
_c
349
_d
349
005
20200812150829.0
008
200812b ||||| |||| 00| 0 eng d
020
_a
52094
040
_c
CML
245
_a
Condition Reflexes.
_c
Pavlov I.G
260
_a
New York.
_b
Anrep M.D.
_c
1964
942
_2
ddc
_c
BK
_e
1
_h
153
_m
PAL